UM Logo

The Cambridge companion to Shakespeare on stage/ (Record no. 5097)

MARC details
000 -LEADER
fixed length control field 01568cam a2200337 a 4500
001 - CONTROL NUMBER
control field 12552887
005 - DATE AND TIME OF LATEST TRANSACTION
control field 20161008152429.0
008 - FIXED-LENGTH DATA ELEMENTS--GENERAL INFORMATION
fixed length control field 011001s2002 enka b 001 0 eng
010 ## - LIBRARY OF CONGRESS CONTROL NUMBER
LC control number 2001052447
020 ## - INTERNATIONAL STANDARD BOOK NUMBER
International Standard Book Number 0521792959 (hardback)
020 ## - INTERNATIONAL STANDARD BOOK NUMBER
International Standard Book Number 052179711X (pbk.)
040 ## - CATALOGING SOURCE
Original cataloging agency DLC
Transcribing agency DLC
Modifying agency DLC
050 00 - LIBRARY OF CONGRESS CALL NUMBER
Classification number PR3091
Item number .C36 2002
082 00 - DEWEY DECIMAL CLASSIFICATION NUMBER
Classification number DC 792.95
Edition number 2002
Item number C14
245 04 - TITLE STATEMENT
Title The Cambridge companion to Shakespeare on stage/
Statement of responsibility, etc. edited by Stanley Wells and Sarah Stanton.
260 ## - PUBLICATION, DISTRIBUTION, ETC. (IMPRINT)
Place of publication, distribution, etc. Cambridge, U.K. ; New York:
Name of publisher, distributor, etc. Cambridge University Press,
Date of publication, distribution, etc. c2002.
300 ## - PHYSICAL DESCRIPTION
Extent xvi, 322 pages:
Other physical details illustrations;
Dimensions 24 cm.
440 #0 - SERIES STATEMENT/ADDED ENTRY--TITLE
Title Cambridge companions to literature
504 ## - BIBLIOGRAPHY, ETC. NOTE
Bibliography, etc Includes bibliographical references and index.
600 10 - SUBJECT ADDED ENTRY--PERSONAL NAME
Personal name Shakespeare, William,
Dates associated with a name 1564-1616
General subdivision Stage history.
700 ## - ADDED ENTRY--PERSONAL NAME
Personal name Wells, Stanley,
Dates associated with a name 1930-
9 (RLIN) 15896
Relator term Editor
700 ## - ADDED ENTRY--PERSONAL NAME
Personal name Stanton, Sarah.
9 (RLIN) 15897
Relator term Editor
856 41 - ELECTRONIC LOCATION AND ACCESS
Materials specified Sample text
Uniform Resource Identifier <a href="http://www.loc.gov/catdir/samples/cam033/2001052447.html">http://www.loc.gov/catdir/samples/cam033/2001052447.html</a>
856 41 - ELECTRONIC LOCATION AND ACCESS
Materials specified Table of contents
Uniform Resource Identifier <a href="http://www.loc.gov/catdir/toc/cam023/2001052447.html">http://www.loc.gov/catdir/toc/cam023/2001052447.html</a>
856 42 - ELECTRONIC LOCATION AND ACCESS
Materials specified Publisher description
Uniform Resource Identifier <a href="http://www.loc.gov/catdir/description/cam022/2001052447.html">http://www.loc.gov/catdir/description/cam022/2001052447.html</a>
856 42 - ELECTRONIC LOCATION AND ACCESS
Materials specified Contributor biographical information
Uniform Resource Identifier <a href="http://www.loc.gov/catdir/enhancements/fy0731/2001052447-b.html">http://www.loc.gov/catdir/enhancements/fy0731/2001052447-b.html</a>
365 ## - TRADE PRICE
Price amount 2097.00
Currency code Php
906 ## - LOCAL DATA ELEMENT F, LDF (RLIN)
a 7
b cbc
c orignew
d 1
e ocip
f 20
g y-gencatlg
942 ## - ADDED ENTRY ELEMENTS (KOHA)
Source of classification or shelving scheme Dewey Decimal Classification
Koha item type Circulation
Holdings
Withdrawn status Lost status Source of classification or shelving scheme Damaged status Not for loan Collection code Home library Current library Date acquired Source of acquisition Total Checkouts Full call number Barcode Date last seen Copy number Price effective from Koha item type
    Dewey Decimal Classification     Circulation UM Digos College - LIC UM Digos College - LIC 09/03/2004 Purchased   DC 792.95 C14 2002 17689 05/15/2025 2 10/08/2016 Circulation
    Dewey Decimal Classification     Circulation UM Digos College - LIC UM Digos College - LIC 10/10/2003 Purchased   DC 792.95 C14 2002 16185 05/15/2025 1 10/08/2016 Circulation